00828nam a2200217 a 450000100100000000500170001000800410002704000250006808200180009310000440011124500590015526000420021430000210025650000770027759000260035465000280038065000310040891000380043995201160047799900170059300004280420240412074302.0140210s2008 dr r 001 p spa d aDO-SdBNPbspacBNPHU aRD861.44bQ7d1 aQuiñones, Juan Ramón,d1939-97014910aDespués del primer grito /cJuan Ramón Quiñones. aSanto Domingo :bLetra grande,c2008. a166 p. ;c22 cm. aIncluye datos biográficos del autor en la solapa de la contracubierta. aInventariado, 2018/BT 0aPoesía dominicana966 0aLiteratura dominicana.967 aValidado. Control de calidad. EMS 0010718PDaPDbPDcHDd2014-02-10iLF1l0oRD861.44 Q7dp42804-10r2020-06-25w2020-06-25yLFPDZNo se presta c42293d42293